000 00476nam a22001937a 4500
003 NUST - PNEC
005 20170116180755.0
008 150402b xxu||||| |||| 00| 0 eng d
020 _a-
040 _cLIBRARY
082 _a355.0217
100 _92049
_aRehman, Shahid-Ur
245 _aLong road to Chagai
_cRehman, Shahid-Ur
250 _a-
260 _aPakistan
_bIslamabad
_c-
300 _a157 . :
650 _92050
_aLong road to Chagai
_xHistry
942 _2ddc
_cBK
999 _c62726
_d62726